000 00785nam a2200241Ia 4500
003 OSt
005 20220927110650.0
006 a|||||r|||| 00| 0
007 ta
008 220926b |||||||| |||| 00| 0 eng d
024 _a82850
037 _cReports
040 _aRTL
_cRTL
_beng
041 _2eng
_aeng
082 _a"X9(D1:7):95.2.N6t, GD"
110 _aIndia Labour (National Commission) Construction Industry(Study group on-). (Chairman: Bagaram Tuepule)
_9379638
245 0 _aReport.
300 _a40p.
_ccm.
650 _aEngneering
700 _aIndia Labour (National Commission) Construction Industry(Study group on-). (Chairman: Bagaram Tuepule)
_9379639
942 _h"X9(D1:7):95.2.N6t, GD"
_cCC
999 _c697553
_d697553